00998 2200349 4500001002100000005001500021035002000036007000300056040001600059245010500075300003500180504002700215041000800242082000800250084001400258090002200272264003300294336002100327337003000348338002300378650001400401850001000415008004100425020002200466100002100488250001200509500003100521700004800552990001600600990001600616990001600632INLIS00000000000771720260601082803 a0010-0922000206ta aSBUPADbInd1 aKompos :bCara Mudah, Murah dan Cepat Menghasilkan Kompos /cIsroi, Pengarang ke-2, Nurheti Yuliarti aviii, 56 hlm :billus ;c21 cm aBibliografi, hlm 47-5017aInd a631 a631 ISR k a631.3 LAR k L18-7 a.--Yogyakarta :bANDI,c2009 2rdacontentateks 2rdamediaatanpa perantara 2rdacarrieravolume 4aPertanian aPUPAD260601 0  a978-979-29-0972-20 aIsroiePengarang a.-Cet.1 aTentang penulis, hlm 51-52 aPengarang ke-2, Nurheti YuliartiePengarang a14525/Br-14 a14526/Br-14 a14527/Br-14